| 000 | 01231cam a2200361 i 4500 | ||
|---|---|---|---|
| 001 | 41545 | ||
| 003 | Mx-PuUPA | ||
| 005 | 20250624155628.0 | ||
| 008 | 140415s2002 sp gr 000 0 spa d | ||
| 017 | _aM. 8.610-2002 | ||
| 020 | _a8477388687 | ||
| 040 |
_aMx-PuUPA _bspa _cMx-PuUPA _dMx-PuUPA _erda |
||
| 041 | 0 | _aspa | |
| 100 | 1 |
_aFullat Genís, Octavio, _d1928- _eautor _95244 |
|
| 245 | 1 | 0 |
_aPedagogía existencialista y postmoderna / _bOctavi Fullat |
| 264 | 1 |
_aMadrid, España : _bEditorial Síntesis, _c[2002?] |
|
| 300 |
_a375 páginas ; _c21 cm |
||
| 336 |
_2rdacontent _atexto _btxt |
||
| 337 |
_2rdamedia _asin medio _bn |
||
| 338 |
_2rdacarrier _avolumen _bnc |
||
| 490 | 0 |
_aTeoría e historia de la educación ; _v17 |
|
| 490 | 0 | _aHistoria del Pensamiento Pedagógico | |
| 650 | 7 |
_2armarc _aEducación |
|
| 650 | 7 |
_2armarc _aEducación _xFilosofía |
|
| 650 | 7 |
_2armarc _aExistencialismo |
|
| 650 | 7 |
_2armarc _aPedagogía _xHistoria |
|
| 650 | 7 |
_2armarc _aPedafogía _xFilosofía |
|
| 650 | 7 |
_2armarc _aPostmodernismo |
|
| 942 |
_2ddc _cLI _h370.12 _iF62 |
||
| 999 |
_c41545 _d41545 |
||